| 000 | 01156cam a2200289 i 4500 | ||
|---|---|---|---|
| 001 | 9651 | ||
| 003 | Mx-PuUPA | ||
| 005 | 20221017131356.0 | ||
| 008 | 140415s2015 mx a gr 000 f spa d | ||
| 020 | _a9786077470380 | ||
| 040 |
_aMx-PuUPA _bspa _cMx-PuUPA _dMx-PuUPA _erda |
||
| 041 | 0 | _aspa | |
| 100 | 1 |
_aCortés, María Lourdes, _eautor _99845 |
|
| 245 | 1 | 0 |
_aAmores contrariados : _bGabriel García Márquez y el cine / _cMaría Lourdes Cortés |
| 250 | _aPrimera edición | ||
| 264 | 1 |
_aMéxico, D.F. : _bAriel, _c2015 |
|
| 300 |
_a354, 9 páginas sin numerar : _bilustraciones ; _c23 cm |
||
| 336 |
_2rdacontent _atexto _btxt |
||
| 337 |
_2rdamedia _asin medio _bn |
||
| 338 |
_2rdacarrier _avolumen _bnc |
||
| 600 | 1 | 4 |
_aGarcía Márquez, Gabriel _d1927-2014, _xAdaptaciones cinematográficas y de video |
| 942 |
_2ddc _h791.43657 _cLI _iC787 |
||
| 999 |
_c9651 _d9651 |
||